000
00203 a2200097 4500
001
46152
100
_a
Tames, R
245
_a
The Muslim World
260
_a
London
_b
Macdonaled
_c
090
_c
29256
_d
29256
942
_a
NUST-CAE
_c
M
_c
21398
999
_c
281225
_d
281225